000 02000nam a22002417a 4500
008 251023b |||||||| |||| 00| 0 eng d
020 _a9781485130499
040 _ctbs
041 _aeng
050 _aHD30.215
_b.W44 2020
100 _aWegner, Trevor
_926285
_eauthor
245 _aApplied business statistics
_b: methods and excel-based applications
_c/ Trevor Wegner.
250 _aFifth edition.
260 _aCape Town :
_bJuta & Company,
_c2020.
300 _a554 pages :
_billustrations, tables, charts (black and white) ;
_c25 cm.
520 _aThe text emphasises four themes to support evidence-based management decision making: 1. Setting the statistical landscape in a management context 2. Interpretative decision making based on patterns revealed by exploratory data analyses 3. Statistical decision making guided by the test-based findings of inferential analyses 4. Predictive decision making using statistical modelling evidence. The thread that links them is the role of data analytics as a management decision-support tool. This fifth edition builds on the strengths of the fourth edition by: - Highlighting newer trends in statistical applications in management practice - Strengthening the Excel-based generation of statistical evidence using a custom-built software product, called X-Static - Enhancing the graphic visualisation of statistical evidence. Target market: - Undergraduate students of Management at universities (BCom, BAcc, etc) - Management diploma students working towards professional qualifications at institutions such as the IMM, CSSA, CIMA, IAC, etc. - Postgraduate students (MBA and PGDip) of Management at business schools.
630 0 _a​​B1 Business Analytics and Data Visualization​ (BiM)
_926598
650 0 _aCommercial statistics
_926286
650 0 _aDecision making
_xStatistical methods
_910045
650 0 _aIndustrial management
_xStatistical methods
_923174
650 0 _aMicrosoft Excel (Computer file)
_9898
942 _2lcc
999 _c5094
_d5094